000 00416nam a22001337a 4500
020 _a978812033239
082 _222
_a302.12
100 _aLata, Pushp and Kumar, Sanjay.
245 _aCommunicate or collapse :
_ba handbook of effective public speaking, group discussions and interviews /
250 _aNA
260 _aNew Delhi,
_bPrentice hall,
_cc2007.
300 _axiii,290 p. ;
_bill. ;
_c24 cm.
942 _2ddc
_cGEN
999 _c1922
_d1922